000 00301 a2200133 4500
001 194957
040 _cMagnum
240 1 0 _aO diário de Anne Frank
_lpor
245 1 0 _aO diário de Anne Frank
300 _a169
440 1 _aRecord
697 _aLITERATURA INFANTO-JUVENIL ESTRANGEIRA
942 _cBK
999 _c194957
_d194957